000 01972nam a22002897a 4500
003 OSt
005 20260630170935.0
008 260625t2025 xxu||||| |||| 00| 0 spa d
040 _aUnicoc
_bspa
_c00001
_d00001
082 _a371.33
100 _913134
_aRey Valzacchi, Jorge
245 _aFlipped Classroom potenciado con IA
_b: Una metodología activa para transformar la enseñanza con creatividad, tecnología y pensamiento crítico
_c/ Jorge Rey Valzacchi
250 _a1 Ed.
260 _aArgentina :
_bInstituto Latinoamericano de Desarrollo Profesional Docente ,
_c2025.
300 _a118 páginas
_bIlustraciones, diagramas, tablas
440 _913135
_aAprende Virtual
500 _aIncluye bibliografía
505 _t1. Conceptos fundamentales de Flipped Classroom. --
_t1. Conceptos fundamentales de Flipped Classroom. --
_t3. Elementos clave del Flipped Classroom. --
_t4. El rol del docente en el modelo de Flipped Classroom. --
_t5. Tecnologías y herramientas para el Flipped Classroom. --
_t6. El impacto de la IA en el Flipped Classroom. --
_t7. Implementación del Flipped Classroom. --
_t8. Beneficios del Flipped Classroom. --
_t9. Desafíos y limitaciones del Flipped Classroom. --
_t10. Diversidad e inclusión en el Flipped Classroom con IA. --
_t11. Evaluación formal e informal en el modelo de Flipped Classroom. --
_t12. El futuro del Flipped Classroom en la era de la IA. --
_t13. Veinte proyectos para aplicar con Flipped Classroom.
526 _5Unicoc
546 _aEspañol
650 0 _913136
_aTecnología educativa
_vModelos pedagógicos
650 0 _913143
_aAula invertida
650 0 _913144
_aInteligencia artificial en educación
650 0 _913186
_aModelo de Flipped Classroom
856 _yAcceso online exclusivo para comunidad Unicoc.
_uhttps://unicoceduco-my.sharepoint.com/:b:/g/personal/direccionbiblioteca_unicoc_edu_co/IQDVdbArdKskQ7-6Nuq4ADVLAXYz4Zs6F8f_LvfYTmMxLpo
942 _2ddc
_cEBOOK
999 _c10905
_d10905